[Event "The USA Championship 2015"]
[Site "Saint Louis USA"]
[Date "2015.04.09"]
[Round "8"]
[White "Gareev, T."]
[Black "Sevian, Samuel"]
[Result "1-0"]
[WhiteElo "2604"]
[BlackElo "2531"]
[PlyCount "57"]
[EventDate "2015.04.01"]

1. d4 Nf6 2. Bg5 c5 3. d5 Qb6 4. Nc3 Qxb2 5. Bd2 Qb6 6. e4 d6 7. Rb1 Qd8 8. f4
g6 9. Bb5+ Nfd7 10. a4 Bg7 11. h4 h5 12. Nh3 a6 13. Be2 c4 14. Ng5 Qa5 15. e5
dxe5 16. d6 exd6 17. Nce4 Qc7 18. Bb4 O-O 19. Bxd6 Qc6 20. f5 Nf6 21. Bf3 Qd7
22. fxg6 Nxe4 23. gxf7+ Qxf7 24. Nxf7 Nc3 25. Qd2 Nxb1 26. Nh6+ Kh7 27. Qg5
Rxf3 28. gxf3 Bxh6 29. Qe7+ 1-0

[Event "The USA Championship 2015"]
[Site "Saint Louis USA"]
[Date "2015.04.09"]
[Round "8"]
[White "Onischuk, Al"]
[Black "Naroditsky, D."]
[Result "1-0"]
[WhiteElo "2665"]
[BlackElo "2633"]
[PlyCount "99"]
[EventDate "2015.04.01"]

1. d4 Nf6 2. c4 e6 3. g3 d5 4. Nf3 Bb4+ 5. Bd2 Bd6 6. Bg2 c6 7. Nc3 O-O 8. Bg5
Nbd7 9. e4 dxe4 10. Nxe4 Bb4+ 11. Nc3 h6 12. Bf4 Ne4 13. Qc2 Nxc3 14. bxc3 Ba5
15. O-O Bc7 16. Qe4 Bxf4 17. Qxf4 b6 18. Rfd1 Bb7 19. c5 Rc8 20. Rab1 Ba8 21.
Ne5 Qe7 22. Nxd7 Qxd7 23. a4 Rfd8 24. Bf3 Qe7 25. Qe5 bxc5 26. Qxc5 Qc7 27. a5
Rb8 28. c4 Qd7 29. h4 Rbc8 30. Kg2 Rc7 31. Rb3 Qc8 32. g4 Rcd7 33. g5 hxg5 34.
hxg5 Qc7 35. Re3 Qd6 36. Qxd6 Rxd6 37. c5 Rxd4 38. Rxd4 Rxd4 39. Rb3 Rd8 40. a6
Kf8 41. Be4 f5 42. gxf6 gxf6 43. Rh3 Kg8 44. Rd3 Rxd3 45. Bxd3 f5 46. f4 Kg7
47. Kf3 Kf6 48. Ke3 e5 49. Bc4 e4 50. Kd4 1-0

[Event "Chinese League (Division A) 2015"]
[Site "China CHN"]
[Date "2015.04.10"]
[Round "1"]
[White "Lysyj, Igor"]
[Black "Wei, Yi"]
[Result "1/2-1/2"]
[WhiteElo "2691"]
[BlackElo "2706"]
[PlyCount "60"]
[EventDate "2015.04.10"]
[WhiteTeam "Hangzhou"]
[BlackTeam "Jiangsu"]

1. d4 Nf6 2. c4 g6 3. Nc3 d5 4. cxd5 Nxd5 5. e4 Nxc3 6. bxc3 Bg7 7. Qa4+ Qd7 8.
Bb5 c6 9. Be2 O-O 10. Qa3 b6 11. Nf3 c5 12. O-O Bb7 13. d5 e6 14. Rd1 exd5 15.
exd5 Bxd5 16. Bc4 Bxc4 17. Rxd7 Nxd7 18. Bf4 Be2 19. Re1 Rfe8 20. Qb2 Bxf3 21.
Rxe8+ Rxe8 22. gxf3 Ne5 23. Qe2 Re6 24. Qe4 Nc6 25. Qd3 h5 26. Kg2 Bf6 27. a4
Kg7 28. Be3 Ne5 29. Qd5 Nc6 30. Qd3 Ne5 1/2-1/2

[Event "Chinese League (Division A) 2015"]
[Site "China CHN"]
[Date "2015.04.10"]
[Round "1"]
[White "Zhou, Jianchao"]
[Black "Malakhov, Vladimir"]
[Result "1/2-1/2"]
[WhiteElo "2578"]
[BlackElo "2706"]
[PlyCount "58"]
[EventDate "2015.04.10"]
[WhiteTeam "Shanghai"]
[BlackTeam "Tianjing"]

1. d4 d5 2. c4 c6 3. Nf3 Nf6 4. Qb3 e6 5. Bg5 h6 6. Bh4 dxc4 7. Qxc4 b5 8. Qc2
Bb7 9. e3 Nbd7 10. Be2 Be7 11. O-O O-O 12. Nbd2 Rc8 13. a4 c5 14. dxc5 Rxc5 15.
Qb1 b4 16. Nb3 Rc8 17. Rd1 Be4 18. Bd3 Bd5 19. Nfd2 Qb6 20. a5 Qb7 21. e4 Bxb3
22. Nxb3 Nc5 23. Nxc5 Rxc5 24. f3 Qc7 25. Bf2 Rh5 26. g3 Bc5 27. Qc2 Bxf2+ 28.
Qxf2 Rxa5 29. Rac1 Qb8 1/2-1/2

[Event "Chinese League (Division A) 2015"]
[Site "China CHN"]
[Date "2015.04.10"]
[Round "1"]
[White "Ni, Hua"]
[Black "Wang, Yue"]
[Result "1/2-1/2"]
[WhiteElo "2704"]
[BlackElo "2726"]
[PlyCount "63"]
[EventDate "2015.04.10"]
[WhiteTeam "Shanghai"]
[BlackTeam "Tianjing"]

1. e4 e5 2. Nf3 Nc6 3. Bb5 Nf6 4. O-O Nxe4 5. Re1 Nd6 6. Nxe5 Nxe5 7. Rxe5+ Be7
8. Bf1 O-O 9. Nc3 Bf6 10. Re1 Re8 11. Nd5 Rxe1 12. Qxe1 b6 13. d3 Bb7 14. Nxf6+
Qxf6 15. Qb4 a5 16. Qf4 Qxf4 17. Bxf4 Ne8 18. Re1 d6 19. f3 Kf8 20. Kf2 Nf6 21.
Bd2 Re8 22. Rxe8+ Kxe8 23. Bc3 Ke7 24. g3 h5 25. h4 g6 26. Bh3 Nd7 27. Bxd7
Kxd7 28. Ke3 Ke6 29. Kf4 f5 30. g4 fxg4 31. fxg4 hxg4 32. Kxg4 1/2-1/2

[Event "Chinese League (Division A) 2015"]
[Site "China CHN"]
[Date "2015.04.10"]
[Round "1"]
[White "Yu, Yangyi"]
[Black "Li, Di"]
[Result "1-0"]
[WhiteElo "2724"]
[BlackElo "2277"]
[PlyCount "87"]
[EventDate "2015.04.10"]
[WhiteTeam "Beijing"]
[BlackTeam "Chengdu"]

1. d4 Nf6 2. c4 g6 3. g3 Bg7 4. Bg2 d5 5. cxd5 Nxd5 6. Nf3 Nb6 7. O-O Nc6 8. e3
O-O 9. Nc3 e6 10. a3 a5 11. Qc2 Qe7 12. Nb5 Rd8 13. e4 Nxd4 14. Nfxd4 Bxd4 15.
Nxc7 Rb8 16. Nb5 Bc5 17. b4 axb4 18. axb4 Bxb4 19. Be3 Bd7 20. Bxb6 Bxb5 21.
Bxd8 Rxd8 22. Rfd1 Rxd1+ 23. Qxd1 e5 24. Bf1 Bxf1 25. Kxf1 Bc5 26. Qd5 Bd4 27.
Ra2 Kg7 28. Kg2 Qb4 29. Rc2 Bc3 30. Qd3 Bd4 31. Rc7 b6 32. Qf3 Qf8 33. Qb3 Qe8
34. Qd5 Kg8 35. h4 Kg7 36. Rb7 Kf6 37. Qd6+ Qe6 38. Qd8+ Kg7 39. Rb8 Bc5 40.
Qh8+ Kh6 41. Rg8 Bxf2 42. Rg7 Kh5 43. Rxh7+ Kg4 44. Qd8 1-0

[Event "The USA Championship 2015"]
[Site "Saint Louis USA"]
[Date "2015.04.10"]
[Round "9"]
[White "Sevian, Samuel"]
[Black "Robson, R."]
[Result "1/2-1/2"]
[WhiteElo "2531"]
[BlackElo "2656"]
[PlyCount "104"]
[EventDate "2015.04.01"]

1. e4 c5 2. Nf3 d6 3. d4 cxd4 4. Nxd4 Nf6 5. Nc3 e6 6. g4 h6 7. h3 Nc6 8. f4
Qc7 9. Be3 a6 10. Bg2 Be7 11. Qf3 Nxd4 12. Bxd4 e5 13. Be3 exf4 14. Bxf4 Be6
15. O-O-O Rc8 16. Qg3 O-O 17. Kb1 Rfd8 18. Rhe1 b5 19. Rd2 Bf8 20. Nd5 Bxd5 21.
exd5 Re8 22. Rf1 Ne4 23. Bxe4 Rxe4 24. Rdf2 Rce8 25. Bd2 f6 26. Qd3 Qc5 27. Rf4
Re2 28. a3 R8e5 29. Rd4 Rg2 30. Bb4 Qc7 31. Re4 Rg3 32. Qxg3 Rxe4 33. Re1 Qc4
34. Rd1 Re5 35. Qf3 Be7 36. b3 Qe4 37. Qxe4 Rxe4 38. Rd3 Kf7 39. Rc3 Rd4 40.
Rc6 Rxd5 41. Rxa6 h5 42. a4 bxa4 43. bxa4 hxg4 44. hxg4 g5 45. Rc6 f5 46. gxf5
Rxf5 47. Rc4 Ke6 48. Re4+ Kd7 49. c4 Bf6 50. Kc2 Rf2+ 51. Bd2 Be5 52. Kd3 Bf4
1/2-1/2

[Event "The USA Championship 2015"]
[Site "Saint Louis USA"]
[Date "2015.04.10"]
[Round "9"]
[White "Kamsky, G."]
[Black "Troff, Kayden W"]
[Result "1/2-1/2"]
[WhiteElo "2683"]
[BlackElo "2532"]
[PlyCount "82"]
[EventDate "2015.04.01"]

1. d4 Nf6 2. Nf3 g6 3. Bf4 Bg7 4. c3 d6 5. h3 O-O 6. e3 Nbd7 7. Be2 c5 8. O-O
b6 9. Bh2 Bb7 10. a4 a6 11. Qb3 Qc7 12. Rd1 Rac8 13. Na3 Qc6 14. Nc4 Qd5 15.
Ra3 Qc6 16. Ncd2 Qc7 17. c4 cxd4 18. exd4 e5 19. a5 exd4 20. axb6 Qc6 21. Qa4
Qxb6 22. b4 Rfe8 23. Bf1 Nb8 24. Qa5 Qxa5 25. Rxa5 Ne4 26. Nxe4 Bxe4 27. Bxd6
Red8 28. Bc5 Bc2 29. Rd2 d3 30. Ra3 Bb2 31. Ra2 Bc3 32. Rdxc2 dxc2 33. Rxc2 Bf6
34. Be2 Nc6 35. Ra2 Bc3 36. Ra4 Re8 37. Bf1 Re4 38. Bd3 Re6 39. Bf1 Nb8 40. Be3
Re4 41. Bd3 Rexc4 1/2-1/2

[Event "The USA Championship 2015"]
[Site "Saint Louis USA"]
[Date "2015.04.10"]
[Round "9"]
[White "Shankland, S."]
[Black "Onischuk, Al"]
[Result "1/2-1/2"]
[WhiteElo "2661"]
[BlackElo "2665"]
[PlyCount "75"]
[EventDate "2015.04.01"]

1. d4 Nf6 2. c4 e6 3. Nf3 b6 4. g3 Bb4+ 5. Bd2 Bxd2+ 6. Qxd2 Ba6 7. b3 c6 8.
Nc3 d5 9. e4 Nxe4 10. Nxe4 dxe4 11. Ng5 c5 12. Bg2 Nc6 13. dxc5 Qxd2+ 14. Kxd2
f5 15. Nxe6 Kf7 16. Nf4 Rad8+ 17. Kc3 bxc5 18. f3 e3 19. Nd3 e2 20. f4 Rhe8 21.
Bd5+ Rxd5 22. cxd5 Re3 23. dxc6 Rxd3+ 24. Kc2 Ke6 25. Rhe1 Rd4 26. Rac1 Kd6 27.
Kb2 Kxc6 28. Rc2 Rd1 29. Rcxe2 Bxe2 30. Rxe2 Kb5 31. Re7 Rd2+ 32. Ka3 Rxh2 33.
Rxg7 Rh3 34. Rxa7 Rxg3 35. Rb7+ Kc6 36. Rf7 Rf3 37. Rxf5 Rf2 38. Rh5 1/2-1/2

[Event "The USA Championship 2015"]
[Site "Saint Louis USA"]
[Date "2015.04.10"]
[Round "9"]
[White "Naroditsky, D."]
[Black "Holt, C."]
[Result "1-0"]
[WhiteElo "2633"]
[BlackElo "2530"]
[PlyCount "117"]
[EventDate "2015.04.01"]

1. e4 e6 2. d4 d5 3. Nc3 Bb4 4. e5 c5 5. a3 Bxc3+ 6. bxc3 Ne7 7. Qg4 O-O 8. Bd3
Nbc6 9. Qh5 Ng6 10. Nf3 Qc7 11. Be3 c4 12. Bxg6 fxg6 13. Qg4 Qf7 14. Ng5 Qe8
15. h4 Bd7 16. Qe2 b5 17. g4 a5 18. h5 gxh5 19. Rxh5 h6 20. Nh3 Qg6 21. Nf4 Qh7
22. Rh1 b4 23. g5 Rxf4 24. Bxf4 bxc3 25. Be3 h5 26. Rxh5 Qg6 27. O-O-O Kf7 28.
Rdh1 Ke7 29. Rh7 Rg8 30. Qf3 Qf7 31. Qh3 Qg6 32. Qf3 Qf7 33. Qg4 Be8 34. Rh8
Kd7 35. g6 Rxh8 36. Rxh8 Qxg6 37. Qxg6 Bxg6 38. Rg8 Bf5 39. Rxg7+ Kc8 40. f4 a4
41. Bf2 Kd8 42. Rg3 Na7 43. Be1 Nb5 44. Bxc3 Ke8 45. Kb2 Kf7 46. Rg2 Be4 47.
Rd2 Bf5 48. Ba5 Bg6 49. c3 Na7 50. Bd8 Nc6 51. Bf6 Be4 52. Rh2 Ke8 53. Rh8+ Kd7
54. Rg8 Kc7 55. Rg7+ Kb6 56. Be7 Bf5 57. Bc5+ Ka6 58. Rf7 Bg4 59. Kc2 1-0

[Event "Bundesliga 2014/15"]
[Site "Baden-Baden GER"]
[Date "2015.04.11"]
[Round "14"]
[White "Bacrot, Etienne"]
[Black "Kempinski, Robert"]
[Result "1-0"]
[WhiteElo "2719"]
[BlackElo "2620"]
[PlyCount "151"]
[EventDate "2014.10.18"]
[EventType "team"]
[WhiteTeam "OSG Baden-Baden"]
[BlackTeam "Hamburger SK"]

1. e4 c5 2. Nf3 d6 3. d4 cxd4 4. Nxd4 Nf6 5. Nc3 e6 6. g4 h6 7. Bg2 Nc6 8. h3
Nxd4 9. Qxd4 e5 10. Qd3 Be6 11. f4 Rc8 12. Be3 Qa5 13. f5 Bc4 14. Qd2 Be7 15.
a3 Qc7 16. Kf2 b6 17. Rac1 Ba6 18. Rhd1 Qb8 19. Kg1 Bb7 20. Nd5 Bxd5 21. exd5
Nh7 22. c4 O-O 23. b4 Rfd8 24. Rc2 Bg5 25. Bxg5 hxg5 26. f6 Nxf6 27. Qxg5 Qc7
28. Rf1 Qe7 29. Rcf2 Nxd5 30. Qxe7 Nxe7 31. Rxf7 Re8 32. g5 b5 33. cxb5 d5 34.
h4 e4 35. Bh3 Rcd8 36. h5 e3 37. Be6 Kh8 38. R1f3 d4 39. Bc4 d3 40. Rxe3 d2 41.
Bb3 d1=Q+ 42. Bxd1 Rxd1+ 43. Kf2 Rd2+ 44. Ke1 Rd7 45. g6 Kg8 46. Ke2 Rc7 47. a4
Rc2+ 48. Kf3 Rc7 49. Kg4 Rc4+ 50. Kg5 Nxg6 51. Rxg7+ Kxg7 52. Rxe8 Nf4 53. h6+
Kh7 54. Re7+ Kh8 55. Re8+ Kh7 56. Re7+ Kh8 57. Rxa7 Rxb4 58. Ra8+ Kh7 59. Ra7+
Kh8 60. a5 Nd3 61. Ra8+ Kh7 62. Ra7+ Kh8 63. b6 Nc5 64. Ra8+ Kh7 65. Ra7+ Kh8
66. Kg6 Rg4+ 67. Kf5 Rb4 68. Ke5 Nb3 69. Kd5 Nxa5 70. Kc5 Rxb6 71. Kxb6 Nc4+
72. Kc5 Ne3 73. Kd6 Nf5+ 74. Ke6 Nxh6 75. Kf6 Ng4+ 76. Kf5 1-0

[Event "Bundesliga 2014/15"]
[Site "Baden-Baden GER"]
[Date "2015.04.11"]
[Round "14"]
[White "Naiditsch, Arkadij"]
[Black "Ftacnik, Lubomir"]
[Result "1-0"]
[WhiteElo "2710"]
[BlackElo "2557"]
[PlyCount "81"]
[EventDate "2014.10.18"]
[EventType "team"]
[WhiteTeam "OSG Baden-Baden"]
[BlackTeam "Hamburger SK"]

1. e4 c5 2. Nf3 d6 3. d4 cxd4 4. Nxd4 Nf6 5. Nc3 a6 6. g3 e5 7. Nb3 Be7 8. a4
Bg4 9. Be2 Be6 10. Bf3 Nbd7 11. g4 h6 12. h4 Rc8 13. Be3 Nb6 14. Nd2 Nfd7 15.
a5 Nc4 16. Nxc4 Rxc4 17. Qd2 Nf6 18. Rg1 Qc8 19. Qd1 Bd8 20. Ra3 d5 21. Nxd5
Rxc2 22. Kf1 Nxd5 23. exd5 Bd7 24. Kg2 Bxh4 25. Rh1 Bd8 26. d6 Bc6 27. Kg3 Bxf3
28. Qxf3 Rxb2 29. g5 Qe6 30. Qe4 O-O 31. Rd3 f5 32. gxf6 Rxf6 33. d7 Rg6+ 34.
Kh2 Qf7 35. Rf1 Rc2 36. Rd5 Rcc6 37. f4 exf4 38. Qe8+ Qf8 39. Rxf4 Rgf6 40.
Rxf6 Bxf6 41. Bc5 1-0

[Event "Bundesliga 2014/15"]
[Site "Baden-Baden GER"]
[Date "2015.04.11"]
[Round "14"]
[White "Lampert, Jonas"]
[Black "Kasimdzhanov, Rustam"]
[Result "0-1"]
[WhiteElo "2442"]
[BlackElo "2706"]
[PlyCount "120"]
[EventDate "2014.10.18"]
[EventType "team"]
[WhiteTeam "Hamburger SK"]
[BlackTeam "OSG Baden-Baden"]

1. e4 e6 2. d4 d5 3. Nd2 Be7 4. c3 c5 5. dxc5 Bxc5 6. Bd3 Nc6 7. Ngf3 Nge7 8.
O-O O-O 9. b4 Bd6 10. b5 Ne5 11. Nxe5 Bxe5 12. Bb2 Ng6 13. Nf3 Bf6 14. e5 Nxe5
15. Nxe5 Bxe5 16. Bxh7+ Kxh7 17. Qh5+ Kg8 18. Qxe5 f6 19. Qe2 a6 20. a4 Bd7 21.
c4 dxc4 22. bxa6 Rxa6 23. Qxc4 Qa8 24. Rfe1 Re8 25. Qe4 e5 26. Qc4+ Ree6 27.
Qd5 Rad6 28. Qc4 Rc6 29. Qd5 Rcd6 30. Qc4 Be8 31. h3 Rc6 32. Qd5 Bf7 33. Red1
Rc2 34. Qd8+ Qxd8 35. Rxd8+ Re8 36. Rxe8+ Bxe8 37. Ba3 Bxa4 38. Rc1 Ra2 39.
Rc8+ Kh7 40. Bf8 Rd2 41. Rc7 Rd1+ 42. Kh2 Rd7 43. Rxd7 Bxd7 44. h4 b5 45. f3
Kg6 46. g4 Kf7 47. Ba3 g6 48. Kg3 Ke6 49. Kf2 Be8 50. Ke3 Kd5 51. Be7 f5 52.
gxf5 gxf5 53. Bf8 f4+ 54. Ke2 Bh5 55. Kf2 e4 56. fxe4+ Kxe4 57. Bd6 f3 58. Bf8
Kd3 59. Be7 Kc3 60. Ke3 b4 0-1

[Event "Bundesliga 2014/15"]
[Site "Schwaebisch Hall GER"]
[Date "2015.04.11"]
[Round "14"]
[White "Volokitin, Andrei"]
[Black "Wojtaszek, Radoslaw"]
[Result "0-1"]
[WhiteElo "2642"]
[BlackElo "2742"]
[PlyCount "120"]
[EventDate "2014.10.18"]
[EventType "team"]
[WhiteTeam "SF Katernberg"]
[BlackTeam "SK Schwaebisch Hall"]

1. e4 c5 2. Nf3 d6 3. d4 cxd4 4. Nxd4 Nf6 5. Nc3 a6 6. Be3 e5 7. Nf3 Be7 8. Bc4
O-O 9. O-O Qc7 10. Qd3 Bg4 11. a4 Nc6 12. Bb3 Rac8 13. Bg5 Nb4 14. Qd2 Bxf3 15.
gxf3 Qd7 16. Kg2 Nc6 17. Ra3 Nd4 18. Bxf6 Bxf6 19. Nd5 Bd8 20. c3 Ne6 21. Qd3
Rc5 22. Kh1 Rxd5 23. Bxd5 Nf4 24. Qd1 Bh4 25. a5 h5 26. Rb3 Qh3 27. Rg1 Bxf2
28. Rg5 Kh7 29. Bc4 g6 30. Rxb7 Kh6 31. Bf1 Qc8 32. Qxd6 Qxb7 33. Rg2 Nxg2 34.
Qxf8+ Kg5 35. Qd8+ f6 36. Qd2+ Ne3 37. Qxf2 Nxf1 38. Qxf1 Qxb2 39. Qg2+ Qxg2+
40. Kxg2 f5 41. exf5 gxf5 42. Kg3 h4+ 43. Kh3 e4 44. fxe4 fxe4 45. Kg2 Kf4 46.
Kf2 e3+ 47. Ke2 h3 48. Kf1 Kf5 49. Ke1 Ke5 50. Kd1 Kd5 51. Ke2 Ke4 52. c4 Kd4
53. c5 Kxc5 54. Kxe3 Kb5 55. Kd4 Kxa5 56. Kc4 Kb6 57. Kb4 Kc6 58. Ka5 Kd5 59.
Kxa6 Ke4 60. Kb5 Kf3 0-1

[Event "Bundesliga 2014/15"]
[Site "Schwaebisch Hall GER"]
[Date "2015.04.11"]
[Round "14"]
[White "Li, Chao b"]
[Black "Kryvoruchko, Yuriy"]
[Result "1/2-1/2"]
[WhiteElo "2711"]
[BlackElo "2710"]
[PlyCount "65"]
[EventDate "2014.10.18"]
[EventType "team"]
[WhiteTeam "SK Schwaebisch Hall"]
[BlackTeam "SF Katernberg"]

1. Nf3 Nf6 2. g3 b6 3. Bg2 Bb7 4. O-O e6 5. b3 Be7 6. Bb2 O-O 7. c4 d5 8. e3 c5
9. Nc3 dxc4 10. bxc4 Nc6 11. Qe2 Qc7 12. Nb5 Qc8 13. Rfd1 a6 14. Nc3 Qc7 15.
Rab1 Rab8 16. Ba1 Rfd8 17. d3 Ba8 18. h3 Na7 19. a4 Nc6 20. g4 Nb4 21. g5 Ne8
22. h4 Nd6 23. e4 Nb7 24. Na2 Nxa2 25. Qxa2 Na5 26. Bc3 Nc6 27. Qb2 Bf8 28. Bh3
Qf4 29. Kg2 Nd4 30. Nxd4 cxd4 31. Bd2 Qc7 32. f4 Bc6 33. Ra1 1/2-1/2

[Event "Bundesliga 2014/15"]
[Site "Bremen GER"]
[Date "2015.04.11"]
[Round "14"]
[White "Eljanov, Pavel"]
[Black "Swiercz, Dariusz"]
[Result "1/2-1/2"]
[WhiteElo "2719"]
[BlackElo "2614"]
[PlyCount "89"]
[EventDate "2014.10.18"]
[EventType "team"]
[WhiteTeam "USV TU Dresden"]
[BlackTeam "SK Turm Emsdetten"]

1. d4 Nf6 2. c4 g6 3. Nc3 d5 4. cxd5 Nxd5 5. Bd2 Nb6 6. Bf4 Bg7 7. e3 O-O 8.
Nf3 Bg4 9. h3 Bxf3 10. Qxf3 c6 11. Be2 N8d7 12. Bg5 Qe8 13. O-O e5 14. Rfe1 h6
15. Bh4 f5 16. Bd1 e4 17. Qe2 Nf6 18. b4 Kh7 19. Rc1 a6 20. Bb3 Qd7 21. a3 Rae8
22. Bg3 Nbd5 23. Bh2 Rf7 24. a4 Bf8 25. b5 axb5 26. axb5 Bd6 27. bxc6 Bxh2+ 28.
Kxh2 bxc6 29. Nxd5 cxd5 30. Rc5 Qd6+ 31. Kg1 Rd8 32. Ra1 f4 33. Ra6 Qb8 34. Ba2
Rd6 35. Raa5 fxe3 36. Qxe3 Rb6 37. Rc2 Rb5 38. Rxb5 Qxb5 39. Rc5 Qd7 40. Qg3
Kg7 41. Bb3 Qb7 42. Qc3 Qd7 43. Qc1 Qd6 44. Qd2 Re7 45. Qe3 1/2-1/2

[Event "Bundesliga 2014/15"]
[Site "Muelheim GER"]
[Date "2015.04.11"]
[Round "14"]
[White "Moiseenko, Alexander"]
[Black "Navara, David"]
[Result "1/2-1/2"]
[WhiteElo "2698"]
[BlackElo "2718"]
[PlyCount "64"]
[EventDate "2014.10.18"]
[EventType "team"]
[WhiteTeam "SV 1930 Hockenheim"]
[BlackTeam "SV Muelheim Nord"]

1. d4 Nf6 2. c4 g6 3. Nc3 d5 4. cxd5 Nxd5 5. Bd2 Bg7 6. e4 Nxc3 7. Bxc3 O-O 8.
Qd2 Nc6 9. d5 Ne5 10. Be2 c6 11. Nf3 Nxf3+ 12. Bxf3 Bxc3 13. Qxc3 cxd5 14. exd5
e6 15. O-O exd5 16. Rfd1 Be6 17. Qb3 Qe7 18. Bxd5 Bxd5 19. Rxd5 Rad8 20. Rad1
Rxd5 21. Qxd5 Rc8 22. Qd2 Qe4 23. g3 Kg7 24. Qd4+ Qxd4 25. Rxd4 Rc2 26. Rb4 b6
27. Rb3 Kf6 28. Ra3 Rxb2 29. Rxa7 b5 30. a4 b4 31. a5 Ra2 32. Rb7 Rxa5 1/2-1/2

[Event "The USA Championship 2015"]
[Site "Saint Louis USA"]
[Date "2015.04.11"]
[Round "10"]
[White "Kamsky, Gata"]
[Black "So, Wesley"]
[Result "0-1"]
[WhiteElo "2683"]
[BlackElo "2788"]
[PlyCount "112"]
[EventDate "2015.04.01"]

1. d4 Nf6 2. Nf3 e6 3. g3 b5 4. Bg5 c5 5. Bg2 Bb7 6. c3 cxd4 7. cxd4 Be7 8. O-O
h6 9. Bxf6 Bxf6 10. e3 O-O 11. Nc3 b4 12. Ne2 Qb6 13. Nf4 Rc8 14. Nh5 Be7 15.
Ne5 Bxg2 16. Qg4 Bg5 17. Kxg2 Qb7+ 18. Kg1 d6 19. Nd3 Nd7 20. h4 Bf6 21. Rfc1
a5 22. Ndf4 Qe4 23. Qe2 Be7 24. Qb5 Nf8 25. Qd3 Qb7 26. Ng2 e5 27. dxe5 dxe5
28. g4 Ng6 29. Qf5 Bxh4 30. Ne1 Re8 31. Rd1 Rad8 32. Ng2 Qb5 33. Rxd8 Rxd8 34.
Qc2 Qd5 35. Qe2 Qd2 36. Kf1 a4 37. Ne1 Qd5 38. e4 Qe6 39. Nc2 Bg5 40. Ne3 Bxe3
41. fxe3 Nh4 42. Rd1 Rxd1+ 43. Qxd1 Kh7 44. b3 axb3 45. axb3 g6 46. Ng3 h5 47.
Qd5 Qf6+ 48. Ke2 hxg4 49. Kd3 Ng2 50. Qb7 Kg7 51. Qb5 Nxe3 52. Ne2 Nf1 53. Kc4
Qd6 54. Qxb4 Nd2+ 55. Kc3 Nb1+ 56. Kc4 Qa6+ 0-1

[Event "The USA Championship 2015"]
[Site "Saint Louis USA"]
[Date "2015.04.11"]
[Round "10"]
[White "Onischuk, Alexander"]
[Black "Sevian, Samuel"]
[Result "1-0"]
[WhiteElo "2665"]
[BlackElo "2531"]
[PlyCount "63"]
[EventDate "2015.04.01"]

1. d4 Nf6 2. c4 g6 3. Nc3 d5 4. cxd5 Nxd5 5. e4 Nxc3 6. bxc3 Bg7 7. Nf3 c5 8.
Be3 Qa5 9. Qd2 Nc6 10. Rb1 a6 11. Rc1 f5 12. Bd3 cxd4 13. Nxd4 Ne5 14. O-O Nxd3
15. Qxd3 e5 16. Nb3 Qc7 17. Qd5 Qc6 18. Qxc6+ bxc6 19. Rfd1 Bf8 20. Bc5 Be6 21.
Bxf8 Kxf8 22. Na5 Rc8 23. exf5 gxf5 24. Re1 e4 25. f3 Ke7 26. fxe4 f4 27. Rb1
Rc7 28. Rb6 Kd6 29. e5+ Ke7 30. Nxc6+ Kf7 31. Nd4 Re8 32. Rxa6 1-0

[Event "The USA Championship 2015"]
[Site "Saint Louis USA"]
[Date "2015.04.11"]
[Round "10"]
[White "Holt, Conrad"]
[Black "Shankland, Samuel L"]
[Result "1-0"]
[WhiteElo "2530"]
[BlackElo "2661"]
[PlyCount "87"]
[EventDate "2015.04.01"]

1. d4 Nf6 2. c4 e6 3. Nf3 d5 4. Nc3 c6 5. Bg5 h6 6. Bh4 dxc4 7. e4 g5 8. Bg3 b5
9. Ne5 Nbd7 10. Be2 Bb7 11. Qc2 Bb4 12. Rd1 a6 13. O-O Nxe5 14. Bxe5 O-O 15. h4
Qe7 16. a3 Bxc3 17. bxc3 Rac8 18. hxg5 hxg5 19. Rfe1 Nd7 20. Bg3 Kg7 21. Bg4
Qf6 22. Re3 Qg6 23. f4 Nf6 24. f5 Nxg4 25. fxg6 Nxe3 26. Qe2 Nxd1 27. gxf7 Nxc3
28. Qh5 Ne2+ 29. Qxe2 Kg6 30. Qg4 Rxf7 31. Bh4 Rcf8 32. Qxg5+ Kh7 33. Qh5+ Kg8
34. Qg6+ Rg7 35. Qxe6+ Kh7 36. Be7 Rg6 37. Qe5 Re8 38. Qh5+ Kg7 39. Bd6 Rg8 40.
Be5+ Kf8 41. Qh7 Rxg2+ 42. Kf1 R2g7 43. Qh6 c3 44. Qd6+ 1-0

[Event "The USA Championship 2015"]
[Site "Saint Louis USA"]
[Date "2015.04.11"]
[Round "10"]
[White "Troff, Kayden W"]
[Black "Gareev, Timur"]
[Result "1/2-1/2"]
[WhiteElo "2532"]
[BlackElo "2604"]
[PlyCount "104"]
[EventDate "2015.04.01"]

1. d4 Nf6 2. c4 e6 3. Nf3 b6 4. a3 Bb7 5. Nc3 g6 6. g3 Bg7 7. Bg2 Ne4 8. Nxe4
Bxe4 9. Bg5 f6 10. Be3 Nc6 11. O-O Ne7 12. Qd2 Nf5 13. d5 O-O 14. Nd4 Nxe3 15.
Qxe3 Bxg2 16. Kxg2 e5 17. Nb5 d6 18. Qd3 f5 19. f3 h5 20. Kh1 Bh6 21. Rg1 a6
22. Nc3 Qg5 23. g4 e4 24. Qc2 hxg4 25. fxg4 fxg4 26. Qxe4 Rf4 27. Qe6+ Kh7 28.
Rg2 Raf8 29. Rag1 Qf5 30. Rxg4 Rxg4 31. Rxg4 Bc1 32. b3 Bxa3 33. Ne4 Bc1 34.
Qe7+ Kg8 35. Rg1 Bh6 36. Ng3 Qf7 37. Qe4 Qe8 38. Qh4 Be3 39. Rf1 Bf2 40. Qe4
Bxg3 41. Rxf8+ Kxf8 42. Qf3+ Kg7 43. hxg3 Qe5 44. Kg2 b5 45. cxb5 axb5 46. Qd3
b4 47. Qc4 Qc3 48. Qe4 Qxb3 49. Qe7+ Kh6 50. Qf8+ Kh7 51. Qf7+ Kh6 52. Qf8+ Kh7
1/2-1/2

[Event "The USA Championship 2015"]
[Site "Saint Louis USA"]
[Date "2015.04.11"]
[Round "10"]
[White "Akobian, Varuzhan"]
[Black "Naroditsky, Daniel"]
[Result "1-0"]
[WhiteElo "2622"]
[BlackElo "2633"]
[PlyCount "77"]
[EventDate "2015.04.01"]

1. d4 Nf6 2. c4 e6 3. Nf3 d5 4. Nc3 dxc4 5. e4 Bb4 6. Bxc4 Nxe4 7. O-O Nxc3 8.
bxc3 Be7 9. Qc2 Nd7 10. Re1 O-O 11. Bf4 Nf6 12. Ne5 Nd5 13. Bg3 g6 14. Rad1 Bf6
15. Bd3 Bg7 16. Qb3 Ne7 17. Bh4 f6 18. Nf3 Kh8 19. Bg3 a5 20. a4 Nd5 21. h4 Bd7
22. Ra1 Bc6 23. h5 Qe8 24. hxg6 hxg6 25. c4 Nb4 26. d5 Bxa4 27. Rxa4 Nxd3 28.
Qxd3 Qxa4 29. dxe6 f5 30. e7 Rfe8 31. Bxc7 Qb4 32. Bd6 Qc3 33. Qd5 Rac8 34. c5
a4 35. Re3 Qc1+ 36. Kh2 f4 37. Re4 Bf6 38. Qf7 Bg7 39. Rxf4 1-0

[Event "Bundesliga 2014/15"]
[Site "Baden-Baden GER"]
[Date "2015.04.12"]
[Round "15"]
[White "Adams, Michael"]
[Black "Tomczak, Jacek"]
[Result "1/2-1/2"]
[WhiteElo "2758"]
[BlackElo "2560"]
[PlyCount "78"]
[EventDate "2014.10.18"]
[EventType "team"]
[WhiteTeam "OSG Baden-Baden"]
[BlackTeam "SSC Rostock 07"]

1. e4 e6 2. d4 d5 3. Nd2 c5 4. exd5 exd5 5. Ngf3 Nf6 6. Bb5+ Bd7 7. Bxd7+ Nbxd7
8. O-O Be7 9. dxc5 Nxc5 10. Nb3 Nce4 11. Nfd4 Nd6 12. Qf3 O-O 13. Nf5 Nxf5 14.
Qxf5 a5 15. a4 Re8 16. Rd1 Rc8 17. Bd2 Qc7 18. Rac1 Qc4 19. Bxa5 Qxa4 20. h3
Bd6 21. Bc3 Qe4 22. Nd4 Be5 23. Qxe4 dxe4 24. Nb5 Bxc3 25. Nxc3 g6 26. Rd6 Kg7
27. Rb6 Re7 28. Rd1 Rc6 29. Rxc6 bxc6 30. Kf1 Ne8 31. Ke2 f5 32. Ke3 Kf6 33.
Ra1 Ke5 34. Ra5+ Kd6 35. g4 Re5 36. b4 Nc7 37. gxf5 gxf5 38. f3 exf3+ 39. Kxf3
Ne6 1/2-1/2

[Event "Bundesliga 2014/15"]
[Site "Baden-Baden GER"]
[Date "2015.04.12"]
[Round "15"]
[White "Brynell, Stellan"]
[Black "Bacrot, Etienne"]
[Result "1/2-1/2"]
[WhiteElo "2459"]
[BlackElo "2719"]
[PlyCount "50"]
[EventDate "2014.10.18"]
[EventType "team"]
[WhiteTeam "SSC Rostock 07"]
[BlackTeam "OSG Baden-Baden"]

1. e4 c5 2. Nf3 e6 3. c3 d5 4. exd5 Qxd5 5. d4 Nf6 6. Be2 Be7 7. O-O O-O 8. c4
Qc6 9. dxc5 Rd8 10. Qc2 Qe4 11. Qxe4 Nxe4 12. Be3 Nc6 13. Nc3 Nxc3 14. bxc3 e5
15. Rfd1 Bf5 16. Rd5 Be6 17. Rad1 h6 18. Rxd8+ Rxd8 19. Rxd8+ Bxd8 20. Nd2 f5
21. Nb3 a5 22. f3 a4 23. Nd2 Na5 24. g4 g6 25. Kf1 h5 1/2-1/2